La social democracia en el mundo de hoy y su relevancia para el futuro /
El documento consiste en una serie de discursos y conferencias pronunciadas por el Presidente Daniel Oduber y Señor Anthony Crosland, Ministro Británico de Asuntos Ambientales y el Secretario de Estado Anthony Crosland, en torno a la social democracia en el mundo y su relevancia para el futuro.
שמור ב:
| מחבר ראשי: | |
|---|---|
| מחברים אחרים: | |
| פורמט: | Texto |
| שפה: | Spanish |
| יצא לאור: |
San José:
OFIPLAN
1975
|
| נושאים: | |
| תגים: |
הוספת תג
אין תגיות, היה/י הראשונ/ה לתייג את הרשומה!
|
MARC
| LEADER | 00000 a a2200000 04500 | ||
|---|---|---|---|
| 001 | 17751 | ||
| 003 | cru CIDCACS/IIS | ||
| 005 | 20230621130135.0 | ||
| 008 | 230621e1975 cr ||||| |||| 00| 0 spa d | ||
| 040 | |c CRAI/IIS | ||
| 090 | |a 04.02.02 C949s | ||
| 100 | |a Crosland, Anthony | ||
| 245 | |a La social democracia en el mundo de hoy y su relevancia para el futuro / |c Anthony Crosland | ||
| 260 | |a San José: |b OFIPLAN |c 1975 | ||
| 300 | |a 44 páginas | ||
| 520 | |a El documento consiste en una serie de discursos y conferencias pronunciadas por el Presidente Daniel Oduber y Señor Anthony Crosland, Ministro Británico de Asuntos Ambientales y el Secretario de Estado Anthony Crosland, en torno a la social democracia en el mundo y su relevancia para el futuro. | ||
| 650 | 0 | |9 6126 |a SOCIAL - DEMOCRACIA | |
| 650 | 0 | |9 954 |a DISCURSOS | |
| 650 | 0 | |9 143 |a ECONOMIA | |
| 650 | 0 | |9 3691 |a POLITICA | |
| 700 | |a Oduber Quirós, Daniel | ||
| 942 | |2 ddc |c LI |h 04.02.02 C949s |i 05514 |6 040202_C949S_05514 | ||
| 999 | |c 13501 |d 13501 | ||
